The 10 habits of highly successful people : powerful strategies for personal triumph

Bibliographic Details
Main Author: Ringer, Robert J.
Format: Book
Published: Petaling Jaya : Advantage Quest , 1995
Subjects:

MARC

LEADER 00000cam a2200000 7i4500
001 0000003496
005 20060405.0
020 0 0 |a 9839214004 
090 0 0 |a 658.409   |b RIN 
100 1 0 |a Ringer, Robert J. 
245 1 0 |a The 10 habits of highly successful people :   |b powerful strategies for personal triumph   |c Robert Ringer 
260 0 0 |a Petaling Jaya :   |b Advantage Quest ,   |c 1995 
300 |a 237p. ;   |c 21cm. 
650 0 0 |a Businessmen   |x Attitudes 
650 0 0 |a Success in business 
740 0 4 |a The ten habit of highly successful people 
999 |a 0000006850   |b Monograph   |c Open Shelf   |e Default branch